Персонажи мультсериала «Незнайка на Луне» - Statistics

General Stats
  • This quiz has been taken 11 times
  • The average score is 11 of 30
Answer Stats
Answer % Correct
Незнайка
100%
Знайка
86%
Пончик
86%
Винтик
71%
Шпунтик
71%
Ромашка
71%
Звёздочка
57%
Пилюлькин
57%
Тюбик
43%
Цветик
43%
Стекляшкин
29%
Мушка
29%
Спрутс
29%
Мига
29%
Жулио
29%
Крабс
29%
Ворчун
29%
Молчун
29%
Сиропчик
29%
Авоська
29%
Небоська
29%
Мигль
14%
Гризль
14%
Скуперфильд
14%
Торопыжка
14%
Растеряйка
14%
Гусля
14%
Кнопочка
14%
Говорилкин
0%
Колокольчик
0%
No matching quizzes found
Score Distribution
Percent of People with Each Score
Percentile by Number Answered
Your Score History
You have not taken this quiz